000 00295nam a2200109Ia 4500
008 180116s9999 xx 000 0 und d
020 _a9781451176759
245 _cDaniel Amsterdam
_aAntibiotics in Laboratory Medicine
250 _a6th ed
260 _bWolters Kluwer
_c2015
300 _a807 pages
999 _c353260
_d353260